000 00491nam a2200193Ia 4500
003 GCL
008 140319s9999 xx 000 0 eng d
040 _aGCL /
_cGCL
082 0 4 _a616.5
_bW C
100 1 _aWILKINSON, J. D.
245 1 0 _aCOLOUR GUIDE DERMATOLOGY /
_cWILKINSON, J. D.
700 1 _aSHAW, S.
700 1 _aFENTON, D. A.
260 _a[S.N] :
_bCHURCHILL LIVINGSTONE ،
_c1994
300 _a158 P
650 0 4 _aDERMATOLOGY
650 0 4 _aSKIN DISEASES
942 _2ddc
_cBK
999 _c20608
_d20608